Načítá se...

Machinery's handbook: a reference book for mechanical engineer, draftsman, toolmaker and mechanist

Podrobná bibliografie
Hlavní autor: Machinery's
Médium: Printed Book
Jazyk:English
Vydáno: New York Industrial press 1991
Vydání:24th ed.
Témata:
LEADER 00722nam a2200253 a 4500
001 adlib96000001
003 ViArRB
005 20151026130756.0
008 960221s1955 dcuabcdjdbkoqu001 0deng d
020
022
040 |a Adlib 
082 |a 621(02) 
245 |a Machinery's handbook: a reference book for mechanical engineer, draftsman, toolmaker and mechanist 
250 |a 24th ed. 
260 |a New York  |b Industrial press  |c 1991 
300 |a xiv, 2543p. 
500 |a   
100 |a Machinery's 
700
942 |c BK  |6 _ 
653 |a Mechanical engineering 
999 |c 12847  |d 12847 
952 |0 0  |1 0  |4 0  |6 62102_OBE92R  |7 0  |9 24307  |a UL  |b UL  |d 2010-06-16  |o 621(02) OBE'92 R  |p 00039418  |r 2010-06-16  |w 2010-06-16  |y BK